00747cam a22002414a 45000010009000000050017000090080041000260100017000670200028000840400018001120410008001300420008001380800011001460820019001571000007001761010008001832450062001915040064002539060045003179420012003629990017003749520114003911198678920180209035233.0000426s2001 nyua b 001 0 eng  a 00032979  a0765604736 (alk. paper) aDLCcDLCdDLC aeng apcc a338.8800a338.88 YAN2211 a19 aSHP10aInternational joint ventures :cAimin Yan and Yadong Luo. aIncludes bibliographical references (p. 293-306) and index. a7bcbccorignewd1eocipf20gy-gencatlg 2ddccBK c42218d42218 00102udc40708PËKGa002b002cPËKGd2018-02-09l0o338.88 YANp002-2998714r2018-02-09w2018-02-09yBK